000 00771nam a2200217 i 4500
001 184203
003 ES-MaACL
005 20251002201743.0
008 150504s1969 sp ao |||| |bspa d
080 _a929 Cortés, Hernán
100 1 _aBosi, Roberto.
_930691
245 1 0 _aHernán Cortés /
_ctexto de Roberto Bosi ; traducción y adaptación de Darío Valcárcel Lezcano.
260 _aMadrid :
_bPrensa Española,
_c[1969]
300 _a75 p. :
_bil. col. y n. ;
_c29 cm.
490 1 _aGrandes de todos los tiempos
598 _aPublicación mensual; ag. 1969.
600 1 4 _aCortés, Hernán,
_d1485-1547-
_xBiografías
_940854
830 1 _aGrandes de todos los tiempos
_9184021
852 4 _aES-MaACL
_jE-15603
_z- Enc. cart.
999 _c184203
_d184203